000 00682cab a2200241 4500
001 ABS52894
008 090401t1995 xxu||||| |||| 00| 0 eng d
035 _a(Sirsi) u718
041 _aeng
100 _aGuerriero, J.R.
245 _aLandfill reclamation: a feasibility study
260 _c1995
350 _a0
490 _aWarmer Bulletin
_v(45) May 1995, 10-11(2)
520 _aA feasibility study of landfill reclamation including site specific factors, waste characterisation and cost issues.
650 _aCOSTS
650 _aLANDFILL RECLAMATION
650 _aLANDFILL SITES
650 _aWASTE MANAGEMENT
690 _aLAND
942 _n0
948 _c04/03/1997
999 _c375
_d375